[Event "Roskilde International"]
[Site "Roskilde"]
[Date "1978.??.??"]
[Round "8"]
[White "Danielsen, Verner"]
[Black "Kristiansen, Jens"]
[Result "0-1"]
[WhiteElo "2200"]
[BlackElo "2395"]
[PlyCount "144"]
[EventDate "1978.??.??"]
[EventType "tourn"]
[EventRounds "11"]
[EventCountry "DEN"]

1. d4 Nf6 2. c4 g6 3. Nc3 Bg7 4. e4 d6 5. f3 Nc6 6. Be3 a6 7. Qd2 Rb8 8. Nge2
Bd7 9. Nc1 e5 10. Nb3 exd4 11. Nxd4 Nxd4 12. Bxd4 O-O 13. Be2 b5 14. O-O c5 15.
Bf2 b4 16. Nd1 Be6 17. g4 Nd7 18. Ne3 Qf6 19. Rab1 Ne5 20. Bg3 Rbd8 21. Nd5
Bxd5 22. cxd5 g5 23. Bxe5 Qxe5 24. Bxa6 Ra8 25. Bc4 Bf6 26. Kg2 Kg7 27. Qe3
Rfe8 28. Rfe1 Qe7 29. f4 gxf4 30. Qxf4 Be5 31. Qf3 Qh4 32. Qh3 Qg5 33. Re2 Rg8
34. Rf1 Kf8 35. Rf5 Qxg4+ 36. Qxg4 Rxg4+ 37. Kf3 Rg1 38. Rh5 Kg7 39. Rh4 Rc1
40. Rg4+ Kh8 41. b3 Ra3 42. Kg2 Ra1 43. Kh3 R3xa2 44. Rxa2 Rxa2 45. Rg2 Ra1 46.
Rf2 Kg7 47. Kg2 Bd4 48. Rf1 Ra2+ 49. Kh3 Be5 50. Rg1+ Kf8 51. Rg2 Ra1 52. Re2
Rh1 53. Ra2 Ke7 54. Rf2 Re1 55. Re2 Rf1 56. Kg2 Rf4 57. h3 Rh4 58. Bd3 Kf6 59.
Ra2 Rf4 60. Rf2 Kg5 61. Rf3 h5 62. Kf2 Bd4+ 63. Kg3 h4+ 64. Kg2 Bb2 65. Bc2
Rxf3 66. Kxf3 Kf6 67. Kg4 Ke5 68. Kxh4 Kd4 69. Kg5 Kc3 70. Bd1 Kd2 71. Bg4 Be5
72. Bd7 c4 0-1

[Event "Roskilde International"]
[Site "Roskilde"]
[Date "1978.??.??"]
[Round "8"]
[White "Ghitescu, Theodor"]
[Black "Helmers, Knut J"]
[Result "1-0"]
[WhiteElo "2450"]
[BlackElo "2345"]
[PlyCount "89"]
[EventDate "1978.??.??"]
[EventType "tourn"]
[EventRounds "11"]
[EventCountry "DEN"]

1. c4 g6 2. e4 c5 3. Nf3 Bg7 4. d4 Qa5+ 5. Nc3 Nc6 6. d5 Nd4 7. Bd2 Nxf3+ 8.
Qxf3 d6 9. Bd3 Nf6 10. h3 O-O 11. O-O e6 12. Bg5 Nd7 13. Qe2 f6 14. Bd2 Ne5 15.
Bc2 Nf7 16. dxe6 Bxe6 17. Nd5 Qd8 18. f4 Qd7 19. Ne3 Nd8 20. Bc3 Nc6 21. f5 Bf7
22. fxg6 Bxg6 23. Nf5 Bxf5 24. exf5 Nd4 25. Bxd4 cxd4 26. Qd2 Rfe8 27. Qxd4 Qc6
28. Rfe1 Qc5 29. Qxc5 dxc5 30. Be4 Kf8 31. Bxb7 Rxe1+ 32. Rxe1 Rb8 33. Bc6 Rxb2
34. Re8+ Kf7 35. Rc8 Bh6 36. Rc7+ Kf8 37. Rxa7 Bf4 38. g4 Bb8 39. Rxh7 Bh2+ 40.
Kf1 Rxa2 41. Bd5 Be5 42. g5 Ra1+ 43. Ke2 Ra6 44. g6 Ra2+ 45. Kd1 1-0

[Event "Roskilde International"]
[Site "Roskilde"]
[Date "1978.??.??"]
[Round "8"]
[White "Jakobsen, Ole"]
[Black "Filipowicz, Andrzej"]
[Result "1-0"]
[WhiteElo "2400"]
[BlackElo "2360"]
[PlyCount "75"]
[EventDate "1978.??.??"]
[EventType "tourn"]
[EventRounds "11"]
[EventCountry "DEN"]

1. e4 c5 2. Nf3 g6 3. c4 Bg7 4. d4 Na6 5. Nc3 d6 6. Be2 Nf6 7. O-O O-O 8. Kh1
Bg4 9. d5 Nc7 10. Be3 a6 11. a4 b6 12. h3 Bd7 13. Rb1 b5 14. axb5 axb5 15. cxb5
Rb8 16. b4 Nxb5 17. Bxb5 Rxb5 18. e5 dxe5 19. Bxc5 Rb7 20. Nxe5 Bf5 21. Rc1 Re8
22. Re1 Bh6 23. Nc6 Qc8 24. Be3 Bf8 25. Qf3 e5 26. Bg5 e4 27. Qe3 Bg7 28. Bh6
Bh8 29. b5 Qd7 30. Red1 Bg7 31. Bxg7 Kxg7 32. Rc2 h5 33. d6 Re6 34. Rcd2 Re8
35. Ne7 Be6 36. Qd4 Bf5 37. Qe5 Bxh3 38. Ncd5 1-0

[Event "Roskilde International"]
[Site "Roskilde"]
[Date "1978.??.??"]
[Round "8"]
[White "Schneider, Lars Ake"]
[Black "Fedder, Steen"]
[Result "1/2-1/2"]
[WhiteElo "2430"]
[BlackElo "2400"]
[PlyCount "56"]
[EventDate "1978.??.??"]
[EventType "tourn"]
[EventRounds "11"]
[EventCountry "DEN"]

1. b3 c5 2. Bb2 Nc6 3. Nf3 d6 4. e3 Nf6 5. c4 e5 6. Nc3 Bg4 7. h3 Bf5 8. d3 Be7
9. Be2 O-O 10. O-O h6 11. Nd2 Bh7 12. Nde4 Ne8 13. Nd5 Nc7 14. Nec3 Ne6 15. a3
a5 16. Qd2 f5 17. b4 axb4 18. axb4 Rxa1 19. Bxa1 cxb4 20. Nxe7+ Qxe7 21. Nd5
Qd7 22. Nxb4 f4 23. Nxc6 bxc6 24. Bg4 f3 25. d4 fxg2 26. Kxg2 exd4 27. Qxd4
Nxd4 28. Bxd7 Be4+ 1/2-1/2

[Event "Roskilde International"]
[Site "Roskilde"]
[Date "1978.??.??"]
[Round "8"]
[White "Westerinen, Heikki"]
[Black "Webb, Simon"]
[Result "1-0"]
[WhiteElo "2450"]
[BlackElo "2445"]
[PlyCount "119"]
[EventDate "1978.??.??"]
[EventType "tourn"]
[EventRounds "11"]
[EventCountry "DEN"]

1. e4 e6 2. d4 d5 3. Nc3 Bb4 4. e5 c5 5. a3 Bxc3+ 6. bxc3 Ne7 7. Nf3 Bd7 8. Bd3
Ba4 9. Ng5 h6 10. Qh5 g6 11. Qh4 Nf5 12. Bxf5 gxf5 13. Qh5 Qe7 14. Nh3 Nd7 15.
Bg5 Qf8 16. Bh4 Qg7 17. Nf4 Kf8 18. O-O Qg4 19. Qxg4 fxg4 20. f3 g3 21. hxg3
cxd4 22. cxd4 Kg7 23. c3 Rac8 24. Rac1 Bb5 25. Rf2 Rc6 26. Nh5+ Kh7 27. f4 Rhc8
28. f5 Rxc3 29. Rxc3 Rxc3 30. fxe6 fxe6 31. g4 Rc1+ 32. Kh2 Rf1 33. Rxf1 Bxf1
34. Nf4 Nf8 35. Be1 Kg8 36. Bb4 b5 37. Kg1 Bc4 38. Kf2 a5 39. Bxa5 Kf7 40. Bd2
Nh7 41. Nh5 Nf8 42. Bxh6 Ng6 43. Bd2 Bb3 44. Nf6 Bd1 45. Kg3 Be2 46. Bb4 Bd3
47. Nd7 Be2 48. Nc5 Ke7 49. Bd2 Kf7 50. Bg5 Bf1 51. Kf2 Bc4 52. Ke1 Nf8 53. g3
Kg7 54. Nb7 Kf7 55. Kd2 Kg6 56. Be7 Nd7 57. Nd8 Bf1 58. Ke3 Nb6 59. Bc5 Nc4+
60. Kf4 1-0

[Event "Roskilde International"]
[Site "Roskilde"]
[Date "1978.??.??"]
[Round "9"]
[White "Fedder, Steen"]
[Black "Rosenlund, Thorbjorn"]
[Result "1-0"]
[WhiteElo "2400"]
[BlackElo "2340"]
[PlyCount "61"]
[EventDate "1978.??.??"]
[EventType "tourn"]
[EventRounds "11"]
[EventCountry "DEN"]

1. e4 e5 2. d4 exd4 3. Qxd4 Nc6 4. Qa4 Nf6 5. Nc3 Be7 6. Nf3 d6 7. Bf4 O-O 8.
Be2 Bg4 9. h3 Bxf3 10. Bxf3 Nd7 11. Bd1 Bf6 12. O-O Re8 13. f3 Bd4+ 14. Kh1 Qh4
15. Bh2 Be5 16. Qb5 Nc5 17. Nd5 Bxh2 18. Kxh2 Nd4 19. Qb4 Nde6 20. Qe1 Qxe1 21.
Rxe1 c6 22. Ne3 Rad8 23. b4 Nd7 24. c3 Ne5 25. Bb3 Ng6 26. Rad1 Ne7 27. Rd2 Nc7
28. a4 Nc8 29. Red1 d5 30. exd5 Rxe3 31. dxc6 1-0

[Event "Roskilde International"]
[Site "Roskilde"]
[Date "1978.??.??"]
[Round "9"]
[White "Filipowicz, Andrzej"]
[Black "Ghitescu, Theodor"]
[Result "1/2-1/2"]
[WhiteElo "2360"]
[BlackElo "2450"]
[PlyCount "42"]
[EventDate "1978.??.??"]
[EventType "tourn"]
[EventRounds "11"]
[EventCountry "DEN"]

1. Nf3 Nf6 2. g3 g6 3. b3 Bg7 4. Bb2 d6 5. Bg2 e5 6. O-O O-O 7. c4 c6 8. d3 Re8
9. Nbd2 Nbd7 10. Ne4 Nxe4 11. dxe4 Nc5 12. Nd2 a5 13. a3 f5 14. exf5 Bxf5 15.
b4 Nd7 16. Ne4 Bxe4 17. Bxe4 Nf6 18. Bg2 Qc7 19. Qb3 Qf7 20. Rad1 axb4 21. axb4
Rad8 1/2-1/2

[Event "Roskilde International"]
[Site "Roskilde"]
[Date "1978.??.??"]
[Round "9"]
[White "Helmers, Knut J"]
[Black "Schneider, Lars Ake"]
[Result "1/2-1/2"]
[WhiteElo "2345"]
[BlackElo "2430"]
[PlyCount "46"]
[EventDate "1978.??.??"]
[EventType "tourn"]
[EventRounds "11"]
[EventCountry "DEN"]

1. Nf3 Nf6 2. g3 e6 3. Bg2 d5 4. O-O c5 5. d4 Be7 6. c4 dxc4 7. Na3 Nc6 8. Nxc4
cxd4 9. Bf4 O-O 10. Nce5 Nxe5 11. Bxe5 d3 12. e3 Ng4 13. Bc3 Qd6 14. h3 Nf6 15.
Ne5 Nd5 16. Qxd3 Nxc3 17. Qxc3 Bf6 18. Nc4 Qc7 19. Qb3 Bd7 20. Qxb7 Qxb7 21.
Bxb7 Rab8 22. Be4 Bb5 23. Rfc1 Bxc4 1/2-1/2

[Event "Roskilde International"]
[Site "Roskilde"]
[Date "1978.??.??"]
[Round "9"]
[White "Kristiansen, Jens"]
[Black "Westerinen, Heikki"]
[Result "1/2-1/2"]
[WhiteElo "2395"]
[BlackElo "2450"]
[PlyCount "147"]
[EventDate "1978.??.??"]
[EventType "tourn"]
[EventRounds "11"]
[EventCountry "DEN"]

1. e4 e5 2. Nf3 Nc6 3. Bb5 a6 4. Ba4 d6 5. O-O Bd7 6. d4 b5 7. Bb3 exd4 8. c3
dxc3 9. Qd5 Qe7 10. Nxc3 Nf6 11. Qd3 Qd8 12. e5 Nxe5 13. Nxe5 dxe5 14. Bg5 Bc6
15. Qe2 Bb4 16. Rad1 Bd6 17. f4 e4 18. Nxe4 Qe7 19. Nxd6+ cxd6 20. Rfe1 Qxe2
21. Rxe2+ Kd7 22. Bxf6 gxf6 23. Red2 d5 24. Bxd5 Bxd5 25. Rxd5+ Ke7 26. Rd7+
Kf8 27. Rc1 Kg7 28. Rcc7 Rhf8 29. Kf2 f5 30. h3 Rab8 31. b4 Rb6 32. Rd5 Rf6 33.
Rdc5 Rd8 34. Kf3 Rd3+ 35. Ke2 Ra3 36. Rc2 Re6+ 37. Kf2 Re4 38. Rb2 Rxf4+ 39.
Kg1 Rc4 40. Rxc4 bxc4 41. Rc2 c3 42. Kf2 Kf6 43. Ke3 h5 44. Kd4 h4 45. Re2 Kg5
46. Rf2 f4 47. Kc4 f3 48. Rxf3 c2 49. Rf1 c1=Q+ 50. Rxc1 Rxa2 51. Rg1 Kf4 52.
Rf1+ Kg3 53. Rxf7 Kxg2 54. Ra7 Rc2+ 55. Kd5 Rd2+ 56. Kc5 Ra2 57. Kb6 Ra4 58.
Kc5 Kxh3 59. Kc4 Ra3 60. Kc5 Ra1 61. Kd4 Kg2 62. Rg7+ Kh2 63. Ke3 Rg1 64. Ra7
Rg6 65. Kf2 h3 66. Rf7 Rg2+ 67. Kf1 Rg1+ 68. Kf2 Rg2+ 69. Kf1 Rg6 70. Kf2 Kh1
71. Kf1 Rg4 72. Rf6 h2 73. Kf2 Rg2+ 74. Kf1 1/2-1/2

[Event "Roskilde International"]
[Site "Roskilde"]
[Date "1978.??.??"]
[Round "9"]
[White "Rajna, Gyula"]
[Black "Danielsen, Verner"]
[Result "1-0"]
[WhiteElo "2410"]
[BlackElo "2200"]
[PlyCount "73"]
[EventDate "1978.??.??"]
[EventType "tourn"]
[EventRounds "11"]
[EventCountry "DEN"]

1. e4 d6 2. d4 Nf6 3. Nc3 g6 4. Nf3 Bg7 5. Be2 O-O 6. O-O c6 7. Bg5 Qc7 8. Qd2
Bg4 9. Bh6 e5 10. Bxg7 Kxg7 11. Rad1 Bxf3 12. Bxf3 Nbd7 13. Ne2 d5 14. Ng3 dxe4
15. Bxe4 Nxe4 16. Nxe4 Rae8 17. dxe5 Nxe5 18. Nd6 Re7 19. h3 f6 20. c4 c5 21.
Nb5 Qb8 22. b3 Nc6 23. Rfe1 Rfe8 24. Rxe7+ Rxe7 25. Qd5 Re5 26. Qf3 Qe8 27. Kh2
Qe7 28. Qg4 Re6 29. Qg3 h5 30. Nc7 Re2 31. Nd5 Qe5 32. Nf4 g5 33. Nxe2 Qxe2 34.
Rd7+ Kg6 35. Qd3+ Qxd3 36. Rxd3 Nd4 37. b4 1-0

[Event "Roskilde International"]
[Site "Roskilde"]
[Date "1978.??.??"]
[Round "9"]
[White "Webb, Simon"]
[Black "Jakobsen, Ole"]
[Result "1/2-1/2"]
[WhiteElo "2445"]
[BlackElo "2400"]
[PlyCount "61"]
[EventDate "1978.??.??"]
[EventType "tourn"]
[EventRounds "11"]
[EventCountry "DEN"]

1. d4 Nf6 2. Nf3 e6 3. c4 c5 4. Nc3 cxd4 5. Nxd4 a6 6. g3 Qc7 7. Bg2 Be7 8. O-O
O-O 9. Bg5 h6 10. Bxf6 Bxf6 11. Qd3 d6 12. Rfd1 Nd7 13. b3 Nc5 14. Qc2 Qb6 15.
e3 Bd7 16. Rab1 a5 17. a3 Rfc8 18. Qe2 Be8 19. Qd2 Rd8 20. b4 axb4 21. axb4 Na4
22. Ne4 Be7 23. c5 dxc5 24. bxc5 Qa5 25. Qxa5 Rxa5 26. Nb3 Raa8 27. Rbc1 Bc6
28. Rxd8+ Rxd8 29. Na5 Bxe4 30. Bxe4 Nxc5 31. Nxb7 1/2-1/2

[Event "Roskilde International"]
[Site "Roskilde"]
[Date "1978.??.??"]
[Round "10"]
[White "Jakobsen, Ole"]
[Black "Kristiansen, Jens"]
[Result "1-0"]
[WhiteElo "2400"]
[BlackElo "2395"]
[PlyCount "69"]
[EventDate "1978.??.??"]
[EventType "tourn"]
[EventRounds "11"]
[EventCountry "DEN"]

1. e4 c5 2. Nf3 e6 3. c3 d5 4. exd5 exd5 5. d4 Nc6 6. Bb5 Bd6 7. dxc5 Bxc5 8.
O-O Nge7 9. Nbd2 O-O 10. Nb3 Bd6 11. Nbd4 Bg4 12. Qa4 Nxd4 13. Nxd4 a6 14. Bd3
Bc7 15. Qc2 h6 16. f4 Qd6 17. Be3 Rfe8 18. Qf2 Nc6 19. Nxc6 bxc6 20. h3 Bh5 21.
Bc5 Qd7 22. Rae1 Bd6 23. Bxd6 Qxd6 24. b4 f6 25. Rxe8+ Bxe8 26. Qb6 a5 27. bxa5
Qa3 28. a6 Qxc3 29. Rf3 Qe1+ 30. Kh2 Qe7 31. Re3 Qd6 32. a7 Qxf4+ 33. Rg3 Qe5
34. Qb7 f5 35. Qxa8 1-0

[Event "Roskilde International"]
[Site "Roskilde"]
[Date "1978.??.??"]
[Round "10"]
[White "Rosenlund, Thorbjorn"]
[Black "Danielsen, Verner"]
[Result "0-1"]
[WhiteElo "2340"]
[BlackElo "2200"]
[PlyCount "80"]
[EventDate "1978.??.??"]
[EventType "tourn"]
[EventRounds "11"]
[EventCountry "DEN"]

1. d4 Nf6 2. c4 g6 3. Nc3 d5 4. Nf3 Bg7 5. Bg5 Ne4 6. cxd5 Nxc3 7. bxc3 Qxd5 8.
e3 Bg4 9. Be2 Nd7 10. Bf4 Qa5 11. O-O O-O 12. Rb1 b6 13. Qc2 c6 14. Rb4 Nf6 15.
e4 Bxf3 16. Bxf3 b5 17. a4 a6 18. axb5 axb5 19. Rfb1 Nd7 20. e5 Rac8 21. e6
fxe6 22. Qb3 Rxf4 23. Qxe6+ Kh8 24. Qxd7 Rc7 25. Qe6 Rf6 26. Qe4 e5 27. h4 exd4
28. cxd4 Rcf7 29. h5 gxh5 30. Bxh5 Rf8 31. Bf3 Qd8 32. Rd1 Qd6 33. d5 Rf4 34.
Qe6 Qxb4 35. dxc6 R4f6 36. Qd7 R6f7 37. Qe6 Re7 38. Qd5 Re1+ 39. Rxe1 Qxe1+ 40.
Kh2 Qe5+ 0-1

[Event "Roskilde International"]
[Site "Roskilde"]
[Date "1978.??.??"]
[Round "10"]
[White "Schneider, Lars Ake"]
[Black "Filipowicz, Andrzej"]
[Result "1-0"]
[WhiteElo "2430"]
[BlackElo "2360"]
[PlyCount "112"]
[EventDate "1978.??.??"]
[EventType "tourn"]
[EventRounds "11"]
[EventCountry "DEN"]

1. e4 c6 2. d4 d5 3. exd5 cxd5 4. Bd3 Nc6 5. c3 g6 6. Bf4 Bg7 7. Nf3 f6 8. O-O
Nh6 9. c4 Bg4 10. cxd5 Qxd5 11. Nc3 Qa5 12. h3 Bxf3 13. Qxf3 Nxd4 14. Qxb7 O-O
15. Nd5 Nhf5 16. Nxe7+ Nxe7 17. Qxe7 Rfe8 18. Qb7 Kh8 19. b4 Qa3 20. Bc4 a5 21.
Bd6 Nf5 22. Bc5 Reb8 23. Qf7 Nh6 24. Qe7 axb4 25. Rab1 Ng8 26. Bxb4 Nxe7 27.
Bxa3 Rc8 28. Be6 Rc6 29. Rfe1 Rc7 30. Bd6 Rca7 31. Bc4 Bf8 32. Rb8 Rxb8 33.
Bxb8 Rb7 34. Bd6 Kg7 35. a4 Rd7 36. Ba3 Rd4 37. Bb5 Nd5 38. Bxf8+ Kxf8 39. a5
Nc3 40. Bf1 Ra4 41. a6 Nd5 42. Rb1 Ke7 43. Rb7+ Kd6 44. Rxh7 Ra1 45. g3 g5 46.
Kg2 Ra2 47. Kf3 Ra3+ 48. Kg4 Ra2 49. Kh5 Nc7 50. Rf7 Rxf2 51. a7 Ra2 52. Rxf6+
Ke7 53. Ra6 Rf2 54. Rc6 Na8 55. Rc8 Nb6 56. Ba6 Nxc8 1-0

[Event "Roskilde International"]
[Site "Roskilde"]
[Date "1978.??.??"]
[Round "10"]
[White "Westerinen, Heikki"]
[Black "Rajna, Gyula"]
[Result "1-0"]
[WhiteElo "2450"]
[BlackElo "2410"]
[PlyCount "95"]
[EventDate "1978.??.??"]
[EventType "tourn"]
[EventRounds "11"]
[EventCountry "DEN"]

1. e4 e5 2. Nf3 Nc6 3. Bb5 a6 4. Ba4 Nf6 5. O-O Be7 6. Re1 b5 7. Bb3 d6 8. c3
O-O 9. h3 Na5 10. Bc2 c5 11. d4 Qc7 12. Nbd2 cxd4 13. cxd4 Bd7 14. Nf1 Rac8 15.
Ne3 Rfe8 16. b3 Nc6 17. Bb2 Bd8 18. Rc1 Qa7 19. dxe5 dxe5 20. Nd5 h6 21. a3 Nh7
22. b4 Ng5 23. Bb3 Be6 24. Nxe5 Nxe5 25. Bxe5 Rxc1 26. Qxc1 Bxh3 27. Qb2 Qd7
28. Re3 Bxg2 29. Kxg2 Qg4+ 30. Bg3 Rxe4 31. Qc3 h5 32. Rxe4 Qxe4+ 33. f3 Qe2+
34. Bf2 h4 35. Qe3 h3+ 36. Kg3 Qf1 37. Qe8+ Kh7 38. Bc2+ g6 39. Nf4 Bc7 40.
Bxg6+ Kg7 41. Bd4+ f6 42. Bxf6+ Kxf6 43. Qf8+ Ke5 44. Qe7+ Ne6 45. Qxe6+ Kd4
46. Qe4+ Kc3 47. Qc2+ Kd4 48. Qc5# 1-0

[Event "Roskilde International"]
[Site "Roskilde"]
[Date "1978.??.??"]
[Round "11"]
[White "Danielsen, Verner"]
[Black "Westerinen, Heikki"]
[Result "0-1"]
[WhiteElo "2200"]
[BlackElo "2450"]
[PlyCount "58"]
[EventDate "1978.??.??"]
[EventType "tourn"]
[EventRounds "11"]
[EventCountry "DEN"]

1. d4 Nf6 2. c4 g6 3. Nc3 Bg7 4. e4 d6 5. f3 O-O 6. Be3 Nc6 7. Nge2 Rb8 8. Qd2
Re8 9. Nc1 e5 10. Nb3 exd4 11. Nxd4 Nh5 12. O-O-O f5 13. Bg5 Qd7 14. Nb3 f4 15.
Nd5 h6 16. Bxf4 Nxf4 17. Qxf4 Rf8 18. Qg3 Kh7 19. f4 a5 20. Nd2 Nb4 21. Nxb4
axb4 22. Bd3 Ra8 23. Bb1 Qf7 24. e5 Bf5 25. Rhf1 Bxb1 26. Kxb1 Qf5+ 27. Kc1
Rxa2 28. Nb3 Rfa8 29. Qd3 Qxd3 0-1

[Event "Roskilde International"]
[Site "Roskilde"]
[Date "1978.??.??"]
[Round "11"]
[White "Filipowicz, Andrzej"]
[Black "Fedder, Steen"]
[Result "1-0"]
[WhiteElo "2360"]
[BlackElo "2400"]
[PlyCount "79"]
[EventDate "1978.??.??"]
[EventType "tourn"]
[EventRounds "11"]
[EventCountry "DEN"]

1. e4 c5 2. Nf3 d6 3. d4 cxd4 4. Nxd4 Nf6 5. Nc3 a6 6. f4 e6 7. Qf3 Qb6 8. Nb3
Qc7 9. a4 b6 10. Bd3 Nc6 11. O-O Bb7 12. Qg3 Rc8 13. Be3 Na5 14. Nxa5 bxa5 15.
Kh1 g6 16. Bd4 Bg7 17. Qh4 Qe7 18. Bb6 d5 19. e5 Nd7 20. Qxe7+ Kxe7 21. Bxa5 g5
22. Bb4+ Ke8 23. Bd6 gxf4 24. Rae1 Bh6 25. Ne2 Nc5 26. Bxc5 Rxc5 27. Nxf4 Ke7
28. b4 Rc3 29. a5 Rg8 30. Bxh7 Rg4 31. Nd3 d4 32. Re2 Rg7 33. Be4 Bxe4 34. Rxe4
Rxc2 35. g3 Rc4 36. Rb1 Be3 37. Nc5 Rc2 38. Nxa6 Rg8 39. Nc5 Rb8 40. a6 1-0

[Event "Roskilde International"]
[Site "Roskilde"]
[Date "1978.??.??"]
[Round "11"]
[White "Kristiansen, Jens"]
[Black "Ghitescu, Theodor"]
[Result "1/2-1/2"]
[WhiteElo "2395"]
[BlackElo "2450"]
[PlyCount "111"]
[EventDate "1978.??.??"]
[EventType "tourn"]
[EventRounds "11"]
[EventCountry "DEN"]

1. e4 e5 2. Nf3 Nc6 3. Bb5 Nf6 4. O-O Nxe4 5. d4 Nd6 6. Bxc6 dxc6 7. dxe5 Nf5
8. Qxd8+ Kxd8 9. Nc3 h6 10. b3 Be6 11. Bb2 Kc8 12. Ne4 b6 13. Nd4 Nxd4 14. Bxd4
c5 15. Bb2 c4 16. f4 cxb3 17. cxb3 g6 18. Rac1 Kb7 19. Rf3 Be7 20. Bd4 Rhd8 21.
Bf2 Rd7 22. Rfc3 Rad8 23. h3 Bb4 24. Re3 Rd1+ 25. Rxd1 Rxd1+ 26. Kh2 a5 27. h4
Ra1 28. Re2 Bg4 29. Rb2 Bf5 30. Nf6 Rd1 31. Be3 h5 32. g3 b5 33. Rg2 c5 34. Ne8
c4 35. bxc4 bxc4 36. Rg1 Rxg1 37. Kxg1 Kc6 38. Kf2 c3 39. Bc1 Be6 40. a3 Bc5+
41. Ke2 Bc4+ 42. Kf3 Be6 43. Nd6 Kd5 44. Ke2 Bxd6 45. exd6 Ke4 46. f5 Bxf5 47.
Kd1 Kd3 48. Bg5 a4 49. Bf6 Kc4 50. Kc1 Kb3 51. Be5 Kxa3 52. Bxc3 Kb3 53. Bf6
Kc4 54. Kb2 Kd5 55. d7 Bxd7 56. Bd8 1/2-1/2

[Event "Roskilde International"]
[Site "Roskilde"]
[Date "1978.??.??"]
[Round "11"]
[White "Rajna, Gyula"]
[Black "Jakobsen, Ole"]
[Result "1/2-1/2"]
[WhiteElo "2410"]
[BlackElo "2400"]
[PlyCount "86"]
[EventDate "1978.??.??"]
[EventType "tourn"]
[EventRounds "11"]
[EventCountry "DEN"]

1. e4 c5 2. Nf3 e6 3. d4 cxd4 4. Nxd4 Nf6 5. Nc3 d6 6. Be2 Nc6 7. O-O Be7 8.
Be3 O-O 9. f4 a6 10. Kh1 Bd7 11. Qe1 b5 12. a3 Qb8 13. Bf3 Nxd4 14. Bxd4 e5 15.
Be3 Bc6 16. Qg3 Kh8 17. Rae1 Qc7 18. fxe5 dxe5 19. Bg5 Rad8 20. Qh4 Ng8 21. Be2
f6 22. Be3 f5 23. Qf2 fxe4 24. Qg3 Rxf1+ 25. Rxf1 Rf8 26. Rd1 Nf6 27. h4 Bb7
28. h5 h6 29. Rf1 Nh7 30. Rxf8+ Bxf8 31. Bg4 Nf6 32. Bf5 Qf7 33. Bg6 Qe6 34.
Qf2 Qg4 35. Bxh6 Bc5 36. Qxc5 Qh4+ 37. Kg1 Qe1+ 38. Kh2 Qh4+ 39. Kg1 Qe1+ 40.
Kh2 Ng4+ 41. Kh3 Nf2+ 42. Kh2 Ng4+ 43. Kh3 Nf2+ 1/2-1/2